Annual reports on the progress of chemistry

Đã lưu trong:
书目详细资料
格式: 图书
语言:Undetermined
出版: London Royal Society of Chemistry 2005
主题:
标签: 添加标签
没有标签, 成为第一个标记此记录!
Thư viện lưu trữ: Trung tâm Học liệu Trường Đại học Cần Thơ
LEADER 00468nam a2200157Ia 4500
001 CTU_109542
008 210402s9999 xx 000 0 und d
082 |a 546.05 
082 |b A613 
245 0 |a Annual reports on the progress of chemistry 
260 |a London 
260 |b Royal Society of Chemistry 
260 |c 2005 
650 |a Chemistry, inorganic,Chemistry 
904 |i Năm, Q. Hiếu (sửa) 
980 |a Trung tâm Học liệu Trường Đại học Cần Thơ